000 01390nam a2200469 i 4500
001 991021971769705066
003 NyNyJPI
005 20260413200953.0
008 180122s2017 pl |000 p pol
009 b0000005879670
015 _aUWD 2018/3826
020 _a9788365350268
035 _a991021971769705066
035 _a(PL-WaBN)b58796708-48omnis_nlop
035 _ab58796708
035 _a(OCoLC)1036660417
035 _a(PL)b0000005879670
035 _a(EXLNZ-48OMNIS_NETWORK)9910515037205606
040 _aWA N
_cWA N
046 _k2017
_o1995
_p2016
080 _a821.162.1-1
084 _a05
100 1 _aWencel, Wojciech
_d(1972- )
_eAutor
245 1 0 _aWiersze wybrane /
_cWojciech Wencel ; [posłowie Wojciech Kudyba].
260 _aKraków :
_bWydawnictwo Arcana,
_c2017.
300 _a193, [2] strony ;
_c21 cm.
336 _aTekst
_btxt
_2rdacontent
337 _aBez urządzenia pośredniczącego
_bn
_2rdamedia
338 _aWolumin
_bnc
_2rdacarrier
380 _aKsiążki
380 _aPoezja
386 _mPrzynależność kulturowa
_aLiteratura polska
388 1 _a1901-2000
388 1 _a1989-2000
388 1 _a2001-
388 2 _a2001-
500 _aNazwa autora posłowia w copyright.
655 7 _aWiersze
_2DBN
700 1 _aKudyba, Wojciech
_d(1965- )
_ePosłowie
710 2 _aArcana
_eWydawca
_4pbl
942 _2z
_cBK
_n0
999 _c91117
_d91117